000 00342nam a22001337a 4500
008 181008b xxu||||| |||| 00| 0 eng d
020 _a9780879758264
041 _aeng
080 _a941
100 _a16
101 _ahis
245 _aA History O f Warfare Of Science With theology In Cristtendom
_c Andrew.W.E
942 _2udc
_cBK
999 _c49049
_d49049